pays ayant gagnés la coupe de monde de football - Statistiques

Statistiques générales
  • Ce quiz a été pris 224 fois
  • Le résultat moyen est 20 sur 21
Statistiques - réponses
1930 Réponse % Correct
1998 france
100%
2018 france
100%
2014 allemagne
99%
1954 allemagne de l'ouest
99%
1974 allemagne de l'ouest
99%
1990 allemagne de l'ouest
99%
1958 bresil
99%
1962 bresil
99%
1970 bresil
99%
1994 bresil
99%
2002 bresil
99%
2010 espagne
98%
1934 italie
97%
1938 italie
97%
1982 italie
97%
2006 italie
97%
1986 argentine
95%
1966 angleterre
93%
1930 uruguay
91%
1950 uruguay
91%
1978 agrentine
11%
Aucun quiz correspondant
Distribution des résultats
% des personnes avec chaque résultat
Percentile par nombre de réponses
Votre historique - résultats
Vous n’avez pas pris ce quiz